000 00512nam a2200181Ia 4500
008 230917s9999||||xx |||||||||||||| ||und||
020 _cGBP47.99
040 _e247863
_aMAIN
041 _aEnglish
082 _a616.89 M264P(4)
100 _aMaddux, James E, ed.
245 0 _aPsychopathology: Foundations for a contemporary understanding
250 _a4th ed.
260 _aNew York
_bRoutledge
_c2016
300 _axii, 494 p.
500 _a3146 31/05/2018 HBD18/7405 31/05/2018 Main Budget
942 _cBK
999 _c26989
_d26989